00866 a2200193 45000010006000000050017000060080041000230030015000640400040000790800055001192450044001740200018002182640033002363000018002695050261002870410008005481000021005568560095005774122420260407155706.0260407a2000 arg spa dAR-UNSa-BCEJYS aAR-UNSa-BCEJYSbspacAR-UNSa-BCEJYS a347.65xDerecho de sucesiones. Derecho hereditario10aTransferencia de acciones, mortis causa a950-894-231-2 1aBuenos Aires :bAD-HOCc2000 a69 p.c23 cm. a1. La cuestión - 2. Naturaleza de la acción nominativa no endosable y modalidades de su transferencia - 3. Las anotaciones en el libro de registro de acciones - 4. El registro de acciones no es "registral" - 5. Transmisión hereditaria de las acciones aspa1 aRoca, Eduardo A.41uhttps://biblioeco.unsa.edu.ar/pmb/images/libros/L126467.jpgyImagen de portadaqimage/jpeg